00496nam a2200145 a 450000100100000000500170001000800410002704000250006808200150009324500490010826000430015730000200020095201130022099900170033300003899420201002031442.0110114s1996 dr 000 0 spa d aDO-SdBNPbspacBNPHU axxxxbG94300aGuía provincia MSC República Dominicana. aSanto Domingo :bEdiciones MSC,c1996. a27 p. ;c22 cm. 0010718PDaPDbPDcCTd2013-05-10iLF1l0oxxxx G943p38994-10r2020-06-25w2020-06-25yLFPDZNo se presta c38484d38484